Quizzes
Events
Quiz Creation
Community
Videos
Private Events
Remove Ads
Sign In
Join for FREE
Feedback
Dark Mode
Quiz Categories
Sports
Geography
Music
Movies
Television
Just For Fun
Miscellaneous
History
Literature
Language
Science
Gaming
Entertainment
Religion
Holiday
For Kids
Quiz Lab
Recent
Popular Today
Quiz Kudos Today
Editor Picks
Curator Picks
Quizzes by...
Day
Popularity
Type
Ratings
Length
Year
Community
Subscriptions
Recent Discussions
Orange Saloon
Badges
Playlists
Quests
Create
Leaderboards
Showdown
Live 5
Trivia Bingo
Activity
Puzzle Library
Sporcle Events
Private Events
Virtual Trivia
Globe League
Become a Host
Pub Owners
SporcleCon
Opinionation
Our Games
Videos
Blog
Mobile Apps
Partnerships
Remove Ads and Go Orange
Feedback
Entertainment
Celebrity
Famous
Musical
Broadway
Show
Quote
Comic Books
Anime
Superhero
DC Comics
Marvel
Cartoons
Animation
Entertainment
Celebrity
Famous
Musical
Broadway
Show
Quote
Comic Books
Anime
Superhero
DC Comics
Marvel
Cartoons
Animation
Random Quiz
Search Sporcle
×
Quiz Lab
Quiz Lab
Entertainment
Nominee
Type in answers that appear in a list
Type in answers that appear in a list
Classic
Best Score? Go Orange.
Most Common Words in Musical Titles Stats
Can you name the most common words that appear in the title of Best Musical Tony nominees?
By
squeegman
6m
57 Questions
304 Plays
304 Plays
304 Plays
Comments
Comments
Give Quiz Kudos
Give Quiz Kudos
-
- Ratings
hide this ad
More Info
Replay
Link that replays current quiz
Next Quiz
Link to next quiz in quiz playlist
You Got
0%
They Got
Avg Score
41%
Avg Friend Score
Upgrade to see
Score Distribution
Jump to the score distribution portion of the page
Score
0/57
Timer
06:00
0
Plays Today
Number of Appearances
Word
% Correct
57
the
98.4%
14
a
93.4%
6
I
92.1%
13
of
88.2%
12
in
86.5%
13
and
85.9%
5
on
81.9%
2
you
81.9%
9
me
77.6%
5
to
76.6%
2
love
73%
2
man
68.4%
3
music
65.8%
4
girl
65.5%
2
da
65.1%
3
do
63.8%
4
my
63.5%
2
for
61.8%
2
boy
59.9%
2
woman
59.2%
4
la
57.9%
4
night
49%
2
with
48.7%
2
king
46.1%
3
song
45.1%
2
how
41.8%
3
little
40.8%
2
by
37.2%
3
boys
35.2%
Number of Appearances
Word
% Correct
2
dance
33.2%
2
big
32.2%
2
kiss
31.6%
2
town
27.3%
5
musical
26.6%
2
once
26.6%
4
side
26.3%
2
funny
22.7%
2
guys
21.1%
2
year
19.7%
3
baby
18.4%
2
oh
17.8%
4
happy
15.5%
2
bye
15.1%
2
follies
15.1%
2
sweet
13.5%
3
ain't
11.2%
2
pacific
10.2%
2
bring
7.9%
2
grand
7.6%
2
death
7.2%
2
promises
6.6%
3
sugar
5.9%
2
war
5.9%
2
act
5.6%
2
blues
4.6%
2
romance
4.6%
2
monty
0.3%
Quiz Playlist
Details
Report
Send in Message
Add To Playlist
More Info:
Exact matches only. For example, if Cat and Cats would be separate answers.
Classic:
Type in answers that appear in a list
Quiz Source
Last Updated: Feb 16, 2017
Quiz Scoreboard
CHALLENGE
Sign Up to Join the Scoreboard
Show All
Scores
Hide
Comments
May contain spoilers
Recently Published
9x9 Crossword: Cartoon Network
by jackfrog10
Miscellaneous
3m
College Basketball Coaching Resumes
by pancakes188
Sports
9m
Billboard Blitz: Fleetwood Mac
by CooCooCachoo
Music
15s
More to Explore
Quiz From the Vault
Featured Blog Post
Where Did the Easter Bunny Come From?
hide this ad
You Might Also Like...
Tags
Musical Quiz
Nominee Quiz
appearance
common
Tony
Today's Top Quizzes in Entertainment
Browse Entertainment
hide this ad
Today's Top Quizzes in Nominee
Browse Nominee
Top Contributed Quizzes in Entertainment
1
7-to-1: DC Comics Villains
2
Marvel Characters Bunker
3
Eurovision 2023 Logic Puzzle
4
Dragon Ball Z: Goku's Fights in Order
5
Sorting Pictures: Villains
6
Criteria Quickie: Cartoon Taxonomy II
7
7-to-1: One Piece
8
Mini Trivia Sudoku: Musicals
9
Fictional Villains Letter U Blitz
10
Kamen Rider Motifs
Explore More
Trending Topics
Anime
Kpop
Disney
Marvel
Harry Potter
NBA
Crossword
WWE
The Office
Country
Soccer
Song
NFL
Puzzle
Pokémon
hide this ad
More By:
squeegman
Quiz
Plays
Rating
Category
Featured
Created
Most Common Words (Song of the Year)
55,910
4.13
Language
Jun 12, 2011
Countries of the World in Russian
968
5.00
Language
Jun 22, 2011
Top 25 Tony Award Performances
460
4.60
Entertainment
Jun 9, 2011
US Embassies
438
4.67
Geography
Jun 9, 2011
Most Common Words in Musical Titles
304
5.00
Entertainment
Jun 9, 2011
Go to Creator's Profile
Score Distribution
Quiz Creator Spotlight
squeegman
Follow
Send a Message
Quizzes Created
-
Created Quiz Play Count
-
More By This Creator
Popular Quizzes Today
1
Find the US States - No Outlines Minefield
2
Find the Countries of Europe - No Outlines Minefield
3
The Countries of the World
4
Find the US States
5
Risky Map Clicking: Biggest States A-Z
6
US States
7
Popular People in 1961
8
Movies - When Are They Set?
More Entertainment Quizzes
Dragon Ball Z: Movie Antagonists
Quiz Lab
Trending Quizzes
Risky Map Clicking: Least Populous States A-Z
1-10 Letter G Words
Risky Map Clicking: Next State Alphabetically
Adjectives in 80s TV Shows
The Seven Year Switch: Catherine
Recently Updated
Leaping Animals
pecheneg
Reality TV Shows (A-Z)
bhenderson79
Rickey Henderson's Hall of Fame Teammates
pecheneg
Champions League XIs: Arsenal
pecheneg
Quick Pick: Celebrities in WWE's Hall of Fame
aduchscher
A-Z Keypad Blitz II
pecheneg
Multiple Oscar Actors
pecheneg
Mystery Phrase Blitz: Oscar 'Best Actors'
pecheneg
F. Scott Fitzgerald Novels
LTH
Pick 3 Villains
ddd62291
Trending Topics
Crossword
Marvel
Anime
Kpop
NBA
Harry Potter
Disney
The Office
WWE
Pokémon
Soccer
Song
Country
NFL
Puzzle
Your Account Isn't Verified!
In order to create a playlist on Sporcle, you need to verify the email address you used during registration. Go to your
Sporcle Settings
to finish the process.
Report this User
Report this user for behavior that violates our
Community Guidelines
.
Details:
Send Report
Go to the Sporcle.com Mobile Site →
Comments